书目信息 |
| 题名: |
建筑设备施工与预算
|
|
| 作者: | 王智伟 , 刘艳峰 主编 | |
| 分册: | ||
| 出版信息: | 北京 科学出版社 2002.08 |
|
| 页数: | 463页 | |
| 开本: | 26cm | |
| 丛书名: | ||
| 单 册: | ||
| 中图分类: | TU , TU8 | |
| 科图分类: | ||
| 主题词: | 房屋建筑设备 | |
| 电子资源: | ||
| ISBN: | 7-03-010554-0 | |
| 000 | 00644nam0 2200217 45 | |
| 001 | 0259279226 | |
| 005 | 2002062716275922 | |
| 010 | @a7-03-010554-0@dRMB 38.00 | |
| 100 | @a20020627d2002 km y0chiy0120 ea | |
| 101 | 0 | @achi |
| 102 | @aCN@b110000 | |
| 200 | 1 | @a建筑设备施工与预算@Ajian zhu she bei shi gong yu yu suan@f王智伟,刘艳峰主编@Fwang zhi wei,liu yan feng zhu bian |
| 210 | @a北京@c科学出版社@d2002.08 | |
| 215 | @a463页@d26cm | |
| 606 | 0 | @a房屋建筑设备 |
| 690 | @aTU@v3 | |
| 690 | @aTU8@v4 | |
| 701 | 0 | @a王智伟@Awang zhi wei@4主编 |
| 701 | 0 | @a刘艳峰@Aliu yan feng@4主编 |
| 801 | 0 | @aCN@bPFT@c20020627 |
| 905 | @a10447@dTU8@eW460 | |
| 建筑设备施工与预算/王智伟,刘艳峰主编.-北京:科学出版社,2002.08 |
| 463页;26cm |
| ISBN 7-03-010554-0:RMB 38.00 |
| ● |
| 相关链接 |
|
|
|
正题名:建筑设备施工与预算
索取号:TU8/W460
 
预约/预借
| 序号 | 登录号 | 条形码 | 馆藏地/架位号 | 状态 | 备注 |
| 1 | 369229 | 203692290 | 建筑库201/201建筑库 48排7列4层/ [索取号:TU8/W460] | 在馆 | |
| 2 | 369230 | 203692307 | 建筑库201/201建筑库 48排7列4层/ [索取号:TU8/W460] | 在馆 | |
| 3 | 369231 | 203692316 | 建筑库201/201建筑库 48排7列4层/ [索取号:TU8/W460] | 在馆 |